Sports Quiz

Random Sports or Soccer Quiz

Real Madrid European Cup Final Match Up Quiz Stats

 Plays Quiz not verified by Sporcle

Score 0/13 Timer 02:00
1 Play Today
% Correct
Cristiano Ronaldo
89.5%
Gareth Bale
87%
Zinedine Zidane
86.8%
Sergio Ramos
82.6%
Raul
79.2%
Marco Asensio
78.4%
Alfredo Di Stefano
66.1%
Alfredo Di Stefano
60.5%
Predrag Mijatovic
59.1%
Francisco Gento
28.9%
Francisco Gento
24.5%
Fernando Serena
14.7%
Hector Rial
12.6%

You're not logged in!

Compare scores with friends on all Sporcle quizzes.
OR
Log In

Sporcle TV

Today on Sporcle TV


Watch our educational content, quiz creation guides, and fun videos on Sporcle TV.

Show Comments

Extras

Top Quizzes Today


Score Distribution

Your Account Isn't Verified!

In order to create a playlist on Sporcle, you need to verify the email address you used during registration. Go to your Sporcle Settings to finish the process.

Report this User

Report this user for behavior that violates our Community Guidelines.

Details: